Karl Friedrich Schinkel: a universal man (Record no. 66817)

MARC details
000 -LEADER
fixed length control field 00300nam a22001217a 4500
005 - DATE AND TIME OF LATEST TRANSACTION
control field 20251007095809.0
008 - FIXED-LENGTH DATA ELEMENTS--GENERAL INFORMATION
fixed length control field 251007b |||||||| |||| 00| 0 eng d
040 ## - CATALOGING SOURCE
Transcribing agency PK-LaNCA
082 ## - DEWEY DECIMAL CLASSIFICATION NUMBER
Classification number 721.0218
Item number KAR
245 ## - TITLE STATEMENT
Title Karl Friedrich Schinkel: a universal man
650 ## - SUBJECT ADDED ENTRY--TOPICAL TERM
Subject Architecture
942 ## - ADDED ENTRY ELEMENTS (KOHA)
Koha item type Book
999 ## -
-- 66817
-- 66817
Holdings
Withdrawn status Weedout from Library Permanent Location Current Location Date acquired Full call number Barcode Price effective from Koha item type
    NATIONAL COLLEGE OF ARTS, RAWALPINDI CAMPUS - LIBRARY NATIONAL COLLEGE OF ARTS, RAWALPINDI CAMPUS - LIBRARY 07/10/2025 KAR 721.0218 RP006365 RP006365 07/10/2025 Book